|
|
|
|
| LEADER |
00000cam a22000002c 4500 |
| 001 |
1840054719 |
| 003 |
DE-627 |
| 005 |
20260427204243.0 |
| 007 |
cr uuu---uuuuu |
| 008 |
230324s2009 xx |||||os 00| ||eng c |
| 024 |
7 |
|
|a 10.3886/ICPSR25111.v1
|2 doi
|
| 035 |
|
|
|a (DE-627)1840054719
|
| 035 |
|
|
|a (DE-599)KXP1840054719
|
| 040 |
|
|
|a DE-627
|b ger
|c DE-627
|e rda
|
| 041 |
|
|
|a eng
|
| 084 |
|
|
|a 2,1
|2 ssgn
|
| 110 |
2 |
|
|a USA
|b Federal Bureau of Investigation
|e VerfasserIn
|0 (DE-588)35632-3
|0 (DE-627)100822290
|0 (DE-576)190340924
|4 aut
|
| 245 |
1 |
0 |
|a National Incident-Based Reporting System, 1993
|
| 264 |
|
1 |
|a [Erscheinungsort nicht ermittelbar]
|b [Verlag nicht ermittelbar]
|c 2009
|
| 336 |
|
|
|a Text
|b txt
|2 rdacontent
|
| 337 |
|
|
|a Computermedien
|b c
|2 rdamedia
|
| 338 |
|
|
|a Online-Ressource
|b cr
|2 rdacarrier
|
| 520 |
|
|
|a The National Incident-Based Reporting System (NIBRS) is a part of the Uniform Crime Reporting Program (UCR), administered by the Federal Bureau of Investigation (FBI). In the late 1970s, the law enforcement community called for a thorough evaluative study of the UCR with the objective of recommending an expanded and enhanced UCR program to meet law enforcement needs into the 21st century. The FBI fully concurred with the need for an updated program to meet contemporary needs and provided its support, formulating a comprehensive redesign effort. Following a multiyear study, a "Blueprint for the Future of the Uniform Crime Reporting Program" was developed. Using the "Blueprint" and in consultation with local and state law enforcement executives, the FBI formulated new guidelines for the Uniform Crime Reports. The National Incident-Based Reporting System (NIBRS) is being implemented to meet these guidelines. NIBRS data are archived at ICPSR as 13 separate data files, which may be merged by using linkage variables. The data focus on a variety of aspects of a crime incident. Part 4, Administrative Segment, offers data on the incident itself (date and time). Each crime incident is delineated by one administrative segment record. Also provided are Part 5, Offense Segment (offense type, location, weapon use, and bias motivation), Part 6, Property Segment (type of property loss, property description, property value, drug type and quantity), Part 7, Victim Segment (age, sex, race, ethnicity, and injuries), Part 8, Offender Segment (age, sex, and race), and Part 9, Arrestee Segment (arrest date, age, sex, race, and weapon use). The Batch Header Segment (Parts 1-3) separates and identifies individual police agencies by Originating Agency Identifier (ORI). Batch Header information, which is contained on three records for each ORI, includes agency name, geographic location, and population of the area. Part 10, Group B Arrest Report Segment, includes arrestee data for Group B crimes. Window Segments files (Parts 11-13) pertain to incidents for which the complete Group A Incident Report was not submitted to the FBI. In general, a Window Segment record will be generated if the incident occurred prior to January 1 of the previous year or if the incident occurred prior to when the agency started NIBRS reporting. As with UCR, participation in NIBRS is voluntary on the part of law enforcement agencies. The data are not a representative sample of crime in the United States. For 1993, eight states, fully or partially participating in NIBRS, were included in the dataset.
|
| 540 |
|
|
|a ICPSR Terms of Use
|
| 650 |
0 |
7 |
|0 (DE-588)4154191-1
|0 (DE-627)105525278
|0 (DE-576)209809299
|a Festnahme
|2 gnd
|
| 650 |
0 |
7 |
|0 (DE-588)4062653-2
|0 (DE-627)106130862
|0 (DE-576)209145358
|a Verbrechen
|2 gnd
|
| 650 |
0 |
7 |
|0 (DE-588)4033178-7
|0 (DE-627)10458503X
|0 (DE-576)209000511
|a Kriminalität
|2 gnd
|
| 650 |
0 |
7 |
|0 (DE-588)4134292-6
|0 (DE-627)105673706
|0 (DE-576)209651067
|a Kriminalstatistik
|2 gnd
|
| 650 |
0 |
7 |
|0 (DE-588)4132290-3
|0 (DE-627)105688843
|0 (DE-576)209634316
|a Strafverfolgungsbehörde
|2 gnd
|
| 650 |
0 |
7 |
|0 (DE-588)4057799-5
|0 (DE-627)10614944X
|0 (DE-576)209123745
|a Straftat
|2 gnd
|
| 650 |
0 |
7 |
|0 (DE-588)4058881-6
|0 (DE-627)106145592
|0 (DE-576)209128313
|a Täter
|2 gnd
|
| 650 |
0 |
7 |
|0 (DE-588)4013794-6
|0 (DE-627)106341898
|0 (DE-576)208905626
|a Eigentumsdelikt
|2 gnd
|
| 650 |
0 |
7 |
|0 (DE-588)4078782-5
|0 (DE-627)106076329
|0 (DE-576)20921001X
|a Verbrechensopfer
|2 gnd
|
| 650 |
0 |
7 |
|0 (DE-588)4157234-8
|0 (DE-627)104262087
|0 (DE-576)209832851
|a Gewaltkriminalität
|2 gnd
|
| 650 |
|
4 |
|a Uniform Crime Reports
|
| 650 |
|
4 |
|a Arrests
|
| 650 |
|
4 |
|a Crime
|
| 650 |
|
4 |
|a Crime rates
|
| 650 |
|
4 |
|a Crime reporting
|
| 650 |
|
4 |
|a law enforcement agencies
|
| 650 |
|
4 |
|a national crime statistics (USA)
|
| 650 |
|
4 |
|a Offenders
|
| 650 |
|
4 |
|a Offenses
|
| 650 |
|
4 |
|a Property Crime
|
| 650 |
|
4 |
|a Victims
|
| 650 |
|
4 |
|a Violent Crime
|
| 655 |
|
7 |
|a Statistik
|y 1993
|z USA
|0 (DE-588)4056995-0
|0 (DE-627)106152955
|0 (DE-576)209119799
|2 gnd-content
|
| 655 |
|
7 |
|a Forschungsdaten
|0 (DE-588)1098579690
|0 (DE-627)857755366
|0 (DE-576)469182156
|2 gnd-content
|
| 787 |
0 |
8 |
|i Forschungsdaten zu
|a Colmer, Jonathan
|t Access to Guns in the Heat of the Moment: More Restrictive Gun Laws Mitigate the Effect of Temperature on Violence
|d London School of Economic and Political Science, 2023
|w (DE-627)1912448130
|
| 787 |
0 |
8 |
|i Forschungsdaten zu
|a Snyder, Howard N.
|t Children as Victims
|d United States Department of Justice, Office of Justice Programs, Office of Juvenile Justice and Delinquency Prevention, 2000
|w (DE-627)1912478439
|
| 787 |
0 |
8 |
|i Forschungsdaten zu
|a Pavanello, Filippo
|t Cooling the Heating: Co-Benefits of Opioid Reformulation on Temperature and Intimate Partner Violence
|d [Erscheinungsort nicht ermittelbar] : [Verlag nicht ermittelbar], 2024
|w (DE-627)1912492814
|
| 787 |
0 |
8 |
|i Forschungsdaten zu
|a Snyder, H.N.
|t Criminal Victimization of Young Children
|d [Erscheinungsort nicht ermittelbar] : National Center for Juvenile Justice, 1994
|w (DE-627)1912502623
|
| 787 |
0 |
8 |
|i Forschungsdaten zu
|a Budd, Kristen M.
|t Deconstructing incidents of female perpetrated sex crimes: Comparing female sexual offender groupings
|d 2017
|w (DE-627)1912506815
|
| 787 |
0 |
8 |
|i Forschungsdaten zu
|a Medina, Angela Z.
|t The Effect of Anti-Gang Laws on Crime and Social Control
|d [Erscheinungsort nicht ermittelbar] : [Verlag nicht ermittelbar], 2023
|w (DE-627)1912527936
|
| 787 |
0 |
8 |
|i Forschungsdaten zu
|a Ciacci, Riccardo
|t The Effect of Unilateral Divorce on Prostitution: Evidence from Divorce Laws in U.S. States
|d 2018
|w (DE-627)191252998X
|
| 787 |
0 |
8 |
|i Forschungsdaten zu
|a Ferrazares, Toshio
|t Have U.S. Gun Buyback Programs Misfired?
|d National Bureau of Economic Research, 2021
|w (DE-627)1912571374
|
| 787 |
0 |
8 |
|i Forschungsdaten zu
|a Williams, Katria S.
|t An incident-based comparison of female and male sexual offenders
|d 2015
|w (DE-627)1912588129
|
| 787 |
0 |
8 |
|i Forschungsdaten zu
|a Budd, Kristen M.
|t Incidents of sexual assault against older adults: A comparison study
|d 2021
|w (DE-627)1912588145
|
| 787 |
0 |
8 |
|i Forschungsdaten zu
|a Budd, Kristen M.
|t Injury matters: On female-perpetrated sex crimes
|d 2017
|w (DE-627)1912592436
|
| 787 |
0 |
8 |
|i Forschungsdaten zu
|a Letourneau, Elizabeth J.
|t Juvenile Registration and Notification Policy Effects: A Multistate Evaluation Project
|d [Erscheinungsort nicht ermittelbar] : [Verlag nicht ermittelbar], 2018
|w (DE-627)1912604116
|
| 787 |
0 |
8 |
|i Forschungsdaten zu
|a Bureau of Justice Statistics
|t Juvenile Victimization Trends in the United States
|d [Erscheinungsort nicht ermittelbar] : Bureau of Justice Statistics, 2024
|w (DE-627)1912604663
|
| 787 |
0 |
8 |
|i Forschungsdaten zu
|a Office of Juvenile Justice and Delinquency Prevention
|t Kids and Guns
|d United States Department of Justice, Office of Justice Programs, Office of Juvenile Justice and Delinquency Prevention, 2000
|w (DE-627)1912605120
|
| 787 |
0 |
8 |
|i Forschungsdaten zu
|a Conover-Williams, Meredith
|t More of the same? Trends in homophily among co-offenders, 1980-2007
|d American Society of Criminology, 2012
|w (DE-627)191262608X
|
| 787 |
0 |
8 |
|i Forschungsdaten zu
|a Fegadel, Averi R.
|t NIBRS and SHR: A comparison of two national homicide databases with respect to parricide
|d 2018
|w (DE-627)1912636581
|
| 787 |
0 |
8 |
|i Forschungsdaten zu
|a Fegadel, Averi R.
|t Offspring-perpetrated familicide: Examining family homicides involving parents as victims
|d 2017
|w (DE-627)1912640244
|
| 787 |
0 |
8 |
|i Forschungsdaten zu
|a Snyder, Howard N.
|t The Overrepresentation of Juvenile Crime Proportions in Robbery Clearance Statistics
|d 1999
|w (DE-627)1764278208
|
| 787 |
0 |
8 |
|i Forschungsdaten zu
|a Bierie, David M.
|t Registration and the closure of stranger-perpetrated sex crimes reported to police
|d 2020
|w (DE-627)1912681145
|
| 787 |
0 |
8 |
|i Forschungsdaten zu
|a Geppert, June
|t Relationship of Embezzlement and the Economic Condition in the United States Economy
|d [Erscheinungsort nicht ermittelbar] : [Verlag nicht ermittelbar]
|w (DE-627)1912683342
|
| 787 |
0 |
8 |
|i Forschungsdaten zu
|a Chilton, Roland
|t Trends in NIBRS homicide and drug arrest rates 1991-2010: Large and small city patterns
|d Homicide Research Working Group, 2015
|w (DE-627)1912729792
|
| 787 |
0 |
8 |
|i Forschungsdaten zu
|a Rogers, David
|t Unresolved cases of homicide: A solvability comparison of two time-based definitions by victim, event and investigating agency characteristics
|d 2022
|w (DE-627)1912736284
|
| 787 |
0 |
8 |
|i Forschungsdaten zu
|a Budd, Kristen M.
|t Victims of sexual assault perpetrated by female youth: An exploratory study of gender differences
|d 2018
|w (DE-627)1912743000
|
| 787 |
0 |
8 |
|i Forschungsdaten zu
|a Rosay, Andre B.
|t Victim-Suspect Relationship in Sexual Assault Cases Reported to Law Enforcement: Alaska and National Data
|d University of Alaska, 2009
|w (DE-627)1912743116
|
| 787 |
0 |
8 |
|i Forschungsdaten zu
|a Impink, Joost
|t Violent video games and crime
|d 2020
|w (DE-627)1912745097
|
| 787 |
0 |
8 |
|i Forschungsdaten zu
|a Roman, Jonathan Kilbourn
|t What Is the Price of Crime? New estimates of the cost of criminal victimization
|d [Erscheinungsort nicht ermittelbar] : University of Maryland, College Park, 2009
|w (DE-627)1912747642
|
| 856 |
4 |
0 |
|u https://doi.org/10.3886/ICPSR25111.v1
|x Resolving-System
|z kostenfrei
|3 Volltext
|7 0
|
| 935 |
|
|
|a mkri
|
| 951 |
|
|
|a BO
|
| ELC |
|
|
|a 1
|
| LOK |
|
|
|0 000 xxxxxcx a22 zn 4500
|
| LOK |
|
|
|0 001 4296802291
|
| LOK |
|
|
|0 003 DE-627
|
| LOK |
|
|
|0 004 1840054719
|
| LOK |
|
|
|0 005 20230324125237
|
| LOK |
|
|
|0 008 230324||||||||||||||||ger|||||||
|
| LOK |
|
|
|0 035
|a (DE-2619)ICPSR25111
|
| LOK |
|
|
|0 040
|a DE-2619
|c DE-627
|d DE-2619
|
| LOK |
|
|
|0 092
|o n
|
| LOK |
|
|
|0 852
|a DE-2619
|
| LOK |
|
|
|0 852 1
|9 00
|
| LOK |
|
|
|0 935
|a stat
|a foda
|a nacj
|
| LOK |
|
|
|0 939
|a 2023-03-24
|b l01
|
| OAS |
|
|
|a 1
|
| ORI |
|
|
|a WA-MARC-krimdoka001.raw
|
| TIM |
|
|
|a 100019930101_100019931231
|b 1993 - 1993
|